Normal view
MARC view
- القران الكريم-تفاسير حديثة
Entry Topical Term
001 - CONTROL NUMBER
- control field: 62091
003 - CONTROL NUMBER IDENTIFIER
- control field: JO-AjAnu
005 - DATE AND TIME OF LATEST TRANSACTION
- control field: 20230606084137.0
008 - FIXED-LENGTH DATA ELEMENTS
- fixed length control field: 230606|| aca||aabn | a|a d
040 ## - CATALOGING SOURCE
- Original cataloging agency: JO-AjAnu
- Transcribing agency: JO-AjAnu
150 ## - HEADING--TOPICAL TERM
- Topical term or geographic name entry element: القران الكريم-تفاسير حديثة
670 ## - SOURCE DATA FOUND
- Source citation: Work cat.: (JO-AjAnu)31666: تاليف الصابوني، محمد علي , author 62090, صفوة النفوس: تفسير للقران الكريم، جامع بين الماثور والمعقول، مستمد من اوثق كتب التفسير(الطبري، الكشاف، القرطبي، الالوسي، ابن كثير، البحر المحيط،) وغيرها باسلوب ميسر، وتنظيم حديث، مع العناية بالوجود البيانية واللغوية مج3